000 01302cab a2200505 4500
001 ABS47606
008 090401t1992 xxu||||| |||| 00| 0 eng d
035 _a(Sirsi) u62616
041 _aeng
245 _aM1 corridor
260 _c1992
350 _a0
490 _aEstates Times
_v(1170) 4 December 1992, 11-37(24)
650 _aBEDFORD
650 _aBEDFORDSHIRE
650 _aBOREHAMWOOD
650 _aBUCKINGHAMSHIRE
650 _aBUSINESS PARKS
650 _aEDGWARE
650 _aHENDON
650 _aHERTFORDSHIRE
650 _aINDUSTRIAL MARKET
650 _aKETTERING
650 _aLEEDS
650 _aLEICESTER
650 _aLUTON
650 _aM1 CORRIDOR
650 _aMIDLANDS
650 _aMILTON KEYNES
650 _aNEW TOWNS
650 _aNORTHAMPTON
650 _aNORTHAMPTONSHIRE
650 _aNOTTINGHAM
650 _aPROPERTY-COMMERCIAL PROPERTY-OFFICE PROPERTY-OFFICE PROPERTY MARKET
650 _aPROPERTY-COMMERCIAL PROPERTY-RETAIL PROPERTY-RETAIL PROPERTY MARKET
650 _aRUGBY
650 _aSHEFFIELD
650 _aST ALBANS
650 _aWAREHOUSING
650 _aWATFORD
650 _aWELLINGBOROUGH
690 _aPROPERTY-COMMERCIAL PROPERTY-COMMERCIAL PROPERTY MARKET
942 _n0
948 _c04/03/1997
999 _c38882
_d38882